Представление документа в формате RUSMARC

ПолеНазваниеЗначение
  Тип записи c
  Библиографический уровень m
001 Контрольный номер RU/УОНБ/EK_N/445690367
005 Дата корректировки 20251214114221.9
013 Номер (ISMN) __
d Цена 60 к.
071 Издательские номер (звукозапись и ноты) 21
a Номер, присвоенный агентством 376
100 Данные общей обработки __
a Данные общей обработки 20140214d1965 u y0rusy0189 ca
101 Язык документа 0_
a Язык текста rus
f Язык титульного листа rus
102 Страна публикации __
a Страна публикации RU
125 Кодированные данные звукозаписи и нотных изданий __
a Форма изложения нотного текста с|
128 Кодированные данные (звукозаписи-физические характеристики) __
a Кодированные данные: Музыкальная форма и тональность или лад ccn
c Инструменты или голоса, рекомендуемые для солистов (устаревшее) ve||
c Инструменты или голоса, рекомендуемые для солистов (устаревшее) ka||
200 Заглавие и сведения об ответственности 1_
a Заглавие Аварские мотивы
e Сведения, относящиеся к заглавию для баритона с фортепиано
f Первые сведения об ответственности Г. Белов
g Последующие сведения об ответственности слова Р. Гамзатова
210 Выходные данные 1_
a Место издания Москва
a Место издания Ленинград
c Издательство Музыка
d Дата издания 1965
215 Физическое описание __
a Объем 48 c.
d Формат 29 см
327 Примечание о содержании 11
a Примечание о содержании Содерж.: К дальним звездам (Эпиграф) / пер. Я. Козловского ; Дождь шумит за моим окном ; Для чего мне золото и камни ; Горной речки глупая вода ; Я не хочу тебе петь колыбельной ; Как много было юношей ; Пастух говорил ; В час горя ; Ты не гляди так гордо на меня ; Где же ты, счастье? ; Замер орел / пер. Н. Гребнева.
464 Аналитический уровень _0
1 036
t К дальним звездам, в небесную роздымь...
1 702 1
a Козловск
b Я.
4 730
1 2001
a К дальним звездам
464 Аналитический уровень _0
1 2001
a Дождь шумит за моим окном
464 Аналитический уровень _0
1 2001
a Для чего мне золото и камни
464 Аналитический уровень _0
1 2001
a Горной речки глупая вода
464 Аналитический уровень _0
1 2001
a Я не хочу тебе петь колыбельной
464 Аналитический уровень _0
1 036
t Как много было юношей лихих...
1 2001
a Как много было юношей
464 Аналитический уровень _0
1 036
t Пастух говорил, что ни горя, ни зол...
1 2001
a Пастух говорил
464 Аналитический уровень _0
1 036
t В час горя плачь...
1 2001
a В час горя
464 Аналитический уровень _0
1 2001
a Ты не гляди так гордо на меня
464 Аналитический уровень _0
1 036
t Где же ты, счастье, где светлый твой лик?..
1 2001
a Где же ты, счастье?
464 Аналитический уровень _0
1 036
t Замер орел, распростершийся в небе...
1 2001
a Замер орел
606 Тематические рубрики 0_
a Основная рубрика Сольное пение
x Основная подрубрика Баритон (голос)
x Основная подрубрика Песни советских композиторов
610 Ключевые слова 0_
a Ключевые слова сольное пение; песни советских композиторов; баритон (голос)
686 Индексы других классификаций __
a Классификационный индекс 85.943.2-42(2)я44
2 Код системы rubbk
700 Автор _1
a Фамилия Белов
b Имя (инициалы) Г. Г.
g Полное личное имя Геннадий Григорьевич
702 Вторичная интеллектуальная ответственность _1
a Фамилия Гамзатов
b Имя (инициалы) Р.
4 Код отношения 520
702 Вторичная интеллектуальная ответственность _1
a Фамилия Гребнев
b Имя (инициалы) Н.
4 Код отношения 730
702 Вторичная интеллектуальная ответственность _1
a Фамилия Козловский
b Имя (инициалы) Я.
4 Код отношения 730
801 Источник записи _0
a Страна RU
b Организация Ульяновская ОНБ
c Дата составления 20140214
g Правила каталогизации RCR
801 Источник записи _1
a Страна RU
b Организация Ульяновская ОНБ
c Дата составления 20140214
g Правила каталогизации RCR
901 Тип документа __
t Тип документа m
909 Создатель записи __
a Создатель записи Сергеева Н. С.
910 Корректоры записи __
a Корректор записи Никитина Т. А.
b Дата внесения изменения в запись 20251214
938 Служебная информация __
a Имя БД noti
b Имя библиотеки УОНБ
c Имя АИБС МАРК-SQL
d Номер DOC_ID в БД 12007